Not ready to make nice - The Chicks - Lyrics - Statistics

General Stats
  • This quiz has been taken 8 times
  • The average score is 316 of 327
Answer Stats
Answer % Correct
a
100%
And
100%
and
100%
as
100%
back
100%
be
100%
But
100%
Can't
100%
Cause
100%
'Cause
100%
could
100%
Daughter
100%
do
100%
don't
100%
down
100%
get
100%
go
100%
hate
100%
have
100%
hell
100%
her
100%
how
100%
I
100%
if
100%
I'll
100%
I'm
100%
in
100%
is
100%
it
100%
it?
100%
It
100%
It's
100%
I've
100%
keep
100%
late
100%
letter
100%
life
100%
like
100%
mad
100%
make
100%
me
100%
mother
100%
my
100%
myself
100%
nice
100%
no
100%
not
100%
nothing
100%
of
100%
Or
100%
ought
100%
over
100%
paid
100%
paying
100%
perfect
100%
price
100%
ready
100%
right
100%
round
100%
sad
100%
said
100%
say
100%
sayin'
100%
Sayin'
100%
she
100%
should
100%
shut
100%
sing
100%
so
100%
somebody
100%
still
100%
story
100%
stranger
100%
teach
100%
that
100%
That
100%
the
100%
think
100%
through
100%
to
100%
too
100%
up
100%
waiting
100%
what
100%
when
100%
will
100%
world
100%
wouldn't
100%
you
100%
around
80%
baby
80%
bed
80%
better
80%
bring
80%
doubt
80%
edge
80%
everything
80%
figure
80%
for
80%
Forget
80%
Forgive
80%
good
80%
heals
80%
just
80%
kind
80%
left
80%
mind
80%
out
80%
probably
80%
regrets
80%
Send
80%
sleep
80%
sounds
80%
sure
80%
There's
80%
They
80%
they'd
80%
time
80%
turned
80%
whole
80%
with
80%
With
80%
write
80%
know
60%
made
60%
No matching quizzes found
Score Distribution
Percent of People with Each Score
Percentile by Number Answered
Your Score History
You have not taken this quiz